00307nam a2200121Ia 4500008004100000041000800041082001600049100001900065245001900084260004200103300003100145365000900176240624s9999 xx 000 0 und d aeng a005.117 JAL aJALLOUL GHINWA aUML BY EXAMPLE c2004aCambridge University Press,2004 axxv, : 249 : p. : cm. ; 25 cb30